1214 1005 1603 1031 1528 1343 1351 1714 1227 1471 1044 1036 1606 1941 1286 1426 1348 1226 1745 1673 1772 1283 1537 1895 1346 1989 1332 1866 1966 1672 1337 1752 1530 1637 1235 1546 1326 1129 1827 1628 1389 1563 1641 1661 1236 1858 1430 1259 1587 1234 1205 1830 1610 1394 1983 1609 1638 1094 1601 1885 1087 1411 1351 1477 1565 1761 1492 1301 1549 1538 1718 1905 1318 1634 1753 1757 1260 1357 1837 1550 1546 1172 1902 1138 1169 1984 1823 1242 1886 1060 1394 1478 1984 1266 1670 1222 1128 1252 1869 BCNSPRNW ULIB Ver.6.0+V

เปลี่ยนเป็นภาษาไทย

Change to English
 แสดงรายละเอียดบรรณานุกรม
  กลับหน้าหลัก

Brief Record : Get Marc (ISO 2709) : E-mail record : QR code < ปิดหน้าต่าง
LEADER : 00000nam 2200000uu 4500
001    13399121274
003     ULIB
008    121114s2554||||th 000 0 tha d
020    ^a9786167088747
050    ^aPL4167^bต145ค
100 0  ^aตระการ เอี่ยมตระกูล
245 10 ^aคำไทยที่มักใช้ผิด/^cตระการ เอี่ยมตระกูล
250    ^aพิมพ์ครั้งที่ 1
260    ^aกรุงเทพฯ :^bคลื่นอักษร,^c2554.
300    ^a192 หน้า
650  4 ^aภาษาไทย^xการใช้ภาษา
650  4 ^aภาษาไทย^xตัวสะกด
650  4 ^aภาษาไทย^xคำศัพท์
945    ^p155^l0^i033043
945    ^p155^l0^i033044
945    ^p155^l0^i033045
999    ^aทศพร
รายการนี้ยังไม่มีแท็ก
คุณยังไม่ได้ล็อกอิน คุณสามารถมีกิจกรรมร่วมกับเว็บไซต์ได้ แต่ต้องล็อกอินก่อน ::
  ล็อกอิน

รายการสื่อสารสนเทศ

ลำดับที่ ประเภท เลขเรียก/บาร์โค้ด สถานที่ สถานะ
1. วิทยาศาสตร์การแพทย์ และสุขภาพ
หนังสือสำรอง
สถานะ=หนังสือสำรอง
PL4167 ต145ค ฉ.1 
  Barcode: 033043
ห้องสมุดวิทยาเขตสวรรค์ประชารักษ์
►หนังสือทั่วไป
บนชั้น
2. วิทยาศาสตร์การแพทย์ และสุขภาพ
วิทยาศาสตร์การแพทย์ และสุขภาพ
PL4167 ต145ค ฉ.2 
  Barcode: 033044
ห้องสมุดวิทยาเขตสวรรค์ประชารักษ์
►หนังสือทั่วไป
บนชั้น
3. วิทยาศาสตร์การแพทย์ และสุขภาพ
วิทยาศาสตร์การแพทย์ และสุขภาพ
PL4167 ต145ค ฉ.3 
  Barcode: 033045
ห้องสมุดวิทยาเขตสวรรค์ประชารักษ์
►หนังสือทั่วไป
บนชั้น

รายการใกล้เคียง
    ผู้แต่ง [ตระการ เอี่ยมตระกูล]

BibComment


ยังไม่เคยถูกคอมเมนท์

คอมเมนท์ทรัพยากรรายการนี้
  คอมเมนท์: คำไทยที่มักใช้ผิ..


 Copyright 2026. Bcnsprnw @Library